| 000 | 00800cam a22002657a 4500 | ||
|---|---|---|---|
| 003 | CHAP | ||
| 005 | 20220329140253.0 | ||
| 008 | 971013s1901 r 00010 d | ||
| 010 | _a49536 | ||
| 011 | _a50508 | ||
| 035 | _a54658 | ||
| 040 | _cCHAP | ||
| 082 |
_a338.47663 _bT6 |
||
| 100 | 0 | 0 |
_aTorres Adalid, Ignacio. _9114034 |
| 245 | 1 | 3 | _aEl maguey y sus productos, su importancia social como factor de riqueza pública |
| 260 |
_aMéxico, D.F. : _bTip. Literaria de F. Mata, _c1901 |
||
| 300 | _a42 p. | ||
| 500 | _aEjemplar mutilado, faltan p. 37-42 | ||
| 590 |
_aBATCH-UPD _b10 _c20130110 _lUCH01 _h0433 |
||
| 590 |
_aCONVERSION _b10 _c20130109 _lUCH01 _h1327 |
||
| 650 | 1 | 4 |
_aAgave. _91069 |
| 901 | _aBK | ||
| 942 | _cLIBRO | ||
| 949 |
_a338.47663 T6 _bBC _cBPP _d-120464 _eBPP _h6000 _i54658 _si |
||
| 999 |
_c49536 _d49536 |
||